| 000 | 00433nam a2200157 4500 | ||
|---|---|---|---|
| 020 | _a0571047297 | ||
| 040 | _cDLC | ||
| 082 | 0 | 0 | _a639 FAB 1971 A042 Or. |
| 100 | 1 | _aHickling, Charles Frederick. | |
| 245 | 0 | 0 | _aFish culture, |
| 250 | _aRevised ed. | ||
| 260 |
_aLondon _b(3 Queen Sq., WC1N 3AU), Faber and Faber Ltd, _c1971. |
||
| 300 |
_a317 p., 36 plates. _billus. (some col.). _c23 cm. |
||
| 650 | 0 | _aFish-culture. | |
| 942 | _cEK | ||
| 999 |
_c12449 _d12449 |
||